La polémica sobre la legalización de drogas en Colombia, el presidente Samper y los Estados Unidos (Registro nro. 13469)
[ vista simple ]
| 000 -LEADER | |
|---|---|
| fixed length control field | 00582nam a2200193Ia 4500 |
| 005 - DATE AND TIME OF LATEST TRANSACTION | |
| control field | 20251006225557.0 |
| 008 - FIXED-LENGTH DATA ELEMENTS--GENERAL INFORMATION | |
| fixed length control field | 251006t2000||||xx |||||||||||||| ||und|| |
| 040 ## - CATALOGING SOURCE | |
| Original cataloging agency | CBC |
| 100 ## - MAIN ENTRY--PERSONAL NAME | |
| Personal name | Tokatlian, Juan Gabriel |
| 245 ## - TITLE STATEMENT | |
| Title | La polémica sobre la legalización de drogas en Colombia, el presidente Samper y los Estados Unidos |
| 300 ## - PHYSICAL DESCRIPTION | |
| Extent | p. 37-83 |
| 600 ## - SUBJECT ADDED ENTRY--PERSONAL NAME | |
| Personal name | ERNESTO SAMPER PIZARRO |
| 650 ## - SUBJECT ADDED ENTRY--TOPICAL TERM | |
| Topical term or geographic name entry element | DROGAS |
| 650 ## - SUBJECT ADDED ENTRY--TOPICAL TERM | |
| Topical term or geographic name entry element | LEGISLACION |
| 650 ## - SUBJECT ADDED ENTRY--TOPICAL TERM | |
| Topical term or geographic name entry element | LUCHA CONTRA LA DROGA |
| 651 ## - SUBJECT ADDED ENTRY--GEOGRAPHIC NAME | |
| Geographic name | COLOMBIA |
| 773 ## - HOST ITEM ENTRY | |
| Main entry heading | Latin American research review Vol. 35 No. 1 (2000) |
| 942 ## - ADDED ENTRY ELEMENTS (KOHA) | |
| Catalogador | MJCh |
No hay ítems disponibles.